An account of the state of London-Derry and Enneskelling : given by a captain lately come to Leverpool from the fleet in Derry river and from thence sent to a citizen of Dublin now in London.

Bibliographic Details
Format: eBook
Language:English
Published: London : Printed for Ric. Chiswell, at the Rose and Crown in St. Paul's Church-yard, MDCLXXXIX. [1689]
Series:Early English books online.
Subjects:
Online Access:Connect to the full text of this electronic book

MARC

Tag First Indicator Second Indicator Subfields
LEADER 00000nam a2200000Ia 4500
001 in00004337321
005 20200812094213.0
006 m g d
007 cr bn |||a|bb|
008 091216s1689 enk o 000 0 eng d
040 |a UMI  |c UMI  |e dcrb 
035 |a (OCoLC)489263247 
037 |a CL0037000132  |b ProQuest. 789 E. Eisenhower Parkway, Ann Arbor, MI 48108-3218 
043 |a e-uk--- 
090 |a DA460  |b .A23 1689 
049 |a UMIA 
245 0 3 |a An account of the state of London-Derry and Enneskelling :  |b given by a captain lately come to Leverpool from the fleet in Derry river and from thence sent to a citizen of Dublin now in London. 
260 |a London :  |b Printed for Ric. Chiswell, at the Rose and Crown in St. Paul's Church-yard,  |c MDCLXXXIX. [1689] 
300 |a 1 online resource (1 sheet ([2] pages) 
336 |a text  |b txt  |2 rdacontent 
337 |a computer  |b c  |2 rdamedia 
338 |a online resource  |b cr  |2 rdacarrier 
500 |a Caption title. 
500 |a Imprint taken from colophon. 
500 |a "Licensed, July 12th. 1689. J.F." 
500 |a Reproduction of original in: Beinecke Rare Book and Manuscript Library. 
510 4 |a Wing (2nd edition)  |c R22B 
533 |a Electronic reproduction.  |b Ann Arbor, Mich. :  |c UMI,  |d 1999-  |f (Early English books online)  |n Digital version of: (Early English Books, 1641-1700 ; 2956:29)  |7 s1999 miun s 
651 0 |a Great Britain  |x History  |y William and Mary, 1689-1702  |v Early works to 1800. 
651 0 |a Great Britain  |x Politics and government  |y 1689-1702  |v Early works to 1800. 
655 7 |a Broadsides  |z England  |y 17th century.  |2 rbgenr 
830 0 |a Early English books online. 
856 4 0 |u http://proxy.library.tamu.edu/login?url=https://search.proquest.com/docview/2240881204  |z Connect to the full text of this electronic book  |t 0 
994 |a 02  |b UMI 
999 f f |s 99cbb85d-c01e-3e77-a04b-1b78ad08350a  |i ff016c0a-4fdb-3de4-9013-a4414f42882b  |t 0 
952 f f |a Texas A&M University  |b College Station  |c Electronic Resources  |d Available Online  |t 0  |e DA460 .A23 1689  |h Library of Congress classification 
998 f f |a DA460 .A23 1689  |t 0  |l Available Online